रामचरितमानसः (Record no. 51697)

MARC details
000 -LEADER
fixed length control field 01349nam a22003017a 4500
005 - DATE AND TIME OF LATEST TRANSACTION
control field 20080929101452.0
008 - FIXED-LENGTH DATA ELEMENTS--GENERAL INFORMATION
fixed length control field 080929t xxu||||| |||| 00| 0 hin d
010 ## - LCCN (DPL NO)
LC control number HIN-92405
020 ## - INTERNATIONAL STANDARD BOOK NUMBER
Terms of availability 250.00
International Standard Book Number 9788126720415
035 ## - SYSTEM CONTROL NUMBER
System control number HN-64751
037 ## - SOURCE OF ACQUISITION
Source of stock number/acquisition DBAD / PUB
040 ## - CATALOGING SOURCE
Original cataloging agency DPL
Language of cataloging HN
082 ## - DEWEY DECIMAL CLASSIFICATION NUMBER
Classification number 230.1
100 ## - MAIN ENTRY--PERSONAL NAME
9 (RLIN) 26640
Personal name सिन्हा, रमण
245 ## - TITLE STATEMENT
Title रामचरितमानसः
Statement of responsibility, etc रमण सिन्हा
Remainder of title पाठ: लीला: चित्र: संगीत /
260 ## - PUBLICATION, DISTRIBUTION, ETC. (IMPRINT)
Place of publication, distribution, etc नई दिल्ली
Name of publisher, distributor, etc राजकमल प्रकाशन
Date of publication, distribution, etc 2011
270 ## - ADDRESS
Address 1-बी, नेताजी सुभाष मार्ग
City नई दिल्ली
Postal code 110002
300 1# - PHYSICAL DESCRIPTION
Extent 163पृ.
Dimensions 22सेमी (सजिल्द)
Other physical details सचित्र
490 ## - SERIES STATEMENT
Series statement श्रृंखला संपादकः पुरूषोत्तम अग्रवाल
-- 27353
650 ## - SUBJECT ADDED ENTRY--TOPICAL TERM
9 (RLIN) 697
650 ## - SUBJECT ADDED ENTRY--TOPICAL TERM
9 (RLIN) 26674
650 ## - SUBJECT ADDED ENTRY--TOPICAL TERM
9 (RLIN) 698
700 ## - ADDED ENTRY--PERSONAL NAME
9 (RLIN) 26643
Personal name अग्रवाल, पुरूषोत्तम
700 ## - ADDED ENTRY--PERSONAL NAME
9 (RLIN) 27078
710 ## - ADDED ENTRY--CORPORATE NAME
9 (RLIN) 26662
942 ## - ADDED ENTRY ELEMENTS (KOHA)
Source of classification or shelving scheme Dewey Decimal Classification
Item type Hindi Books
Call number suffix सिन्हार
Classification part 230.1
Holdings
Withdrawn status Lost status Source of classification or shelving scheme Damaged status Not for loan Collection code Home library Current library Date acquired Source of acquisition Cost, normal purchase price Total Checkouts Full call number Barcode Date last seen Copy number Cost, replacement price Koha item type
    Dewey Decimal Classification   Not For Loan Fiction D.B.Act.Division D.B.Act.Division 20/04/2011 DBAD /PUB 250.00   230.1 सिन्हार HN-64751 20/04/2011 1 250.00 Hindi Books

© Delhi Public Library
Hit Counter
free hit counter